[Event "Huesca Province-ch"]
[Site "Sabinanigo"]
[Date "2016.11.26"]
[Round "7"]
[White "Barranco Mananet, Fernando"]
[Black "Amello Montiu, Jonathan"]
[Result "1-0"]
[WhiteElo "1759"]
[BlackElo "1580"]
[PlyCount "99"]
[EventDate "2016.10.15"]
[EventType "swiss"]
[EventRounds "7"]
[EventCountry "ESP"]
[SourceTitle "EXT 2018"]
[Source "ChessBase"]
[SourceDate "2017.10.13"]
[SourceVersion "1"]
[SourceVersionDate "2017.10.13"]
[SourceQuality "1"]

1. d4 e6 2. e3 d5 3. c4 c6 4. Nf3 f5 5. Nc3 Nf6 6. Ne5 Nbd7 7. f4 Bd6 8. Be2 0-0 9. 0-0 Ne4 10. Nxe4 fxe4 11. Bd2 Nxe5 12. dxe5 Bc5 13. b4 Bb6 14. c5 Bc7 15. Bc3 Bd7 16. Bd4 b5 17. a4 a6 18. axb5 axb5 19. Qb3 Qe7 20. Bb2 Rfb8 21. Qc2 Qe8 22. Bg4 Rxa1 23. Rxa1 Ra8 24. Qd1 g6 25. Bh3 Qc8 26. g4 Bd8 27. Qf1 Rxa1 28. Qxa1 Be7 29. Qa7 Bf8 30. Kf1 Qe8 31. Ke2 Bc8 32. Qa1 Qf7 33. Qg1 Bg7 34. Bd4 Bd7 35. Bc3 Bc8 36. Qa1 Qb7 37. Be1 Qa6 38. Qxa6 Bxa6 39. Bh4 Bc8 40. Bd8 Kf7 41. Kf2 h5 42. Kg3 hxg4 43. Bxg4 Bh6 44. h4 Bd7 45. h5 Kg7 46. Kh4 Bc8 47. Bf6+ Kf7 48. hxg6+ Kg8 49. Kh5 Bg7 50. Kg5 1-0

[Event "Huesca Province-ch"]
[Site "Sabinanigo"]
[Date "2016.11.05"]
[Round "4"]
[White "Sanclemente Aragues, Angel"]
[Black "Amello Montiu, Jonathan"]
[Result "0-1"]
[WhiteElo "1703"]
[BlackElo "1580"]
[PlyCount "76"]
[EventDate "2016.10.15"]
[EventType "swiss"]
[EventRounds "7"]
[EventCountry "ESP"]
[SourceTitle "EXT 2018"]
[Source "ChessBase"]
[SourceDate "2017.10.13"]
[SourceVersion "1"]
[SourceVersionDate "2017.10.13"]
[SourceQuality "1"]

1. e4 c5 2. Nf3 e6 3. Nc3 a6 4. d4 cxd4 5. Nxd4 Qc7 6. a3 Nf6 7. Be3 b5 8. Be2 Bb7 9. f3 Be7 10. Qd2 d6 11. Bd3 Nbd7 12. 0-0 Ne5 13. Rac1 0-0 14. Nce2 Rac8 15. Ng3 d5 16. f4 Nc4 17. Bxc4 dxc4 18. e5 Ng4 19. c3 Rfd8 20. Qe2 Nxe3 21. Qxe3 Bc5 22. Nge2 Qc6 23. Qg3 Qe4 24. Kh1 Qd3 25. Rfd1 Qxg3 26. Nxg3 Rd7 27. Rd2 Rcd8 28. Rcd1 Kf8 29. Kg1 Ke7 30. Kf2 f6 31. Ke3 fxe5 32. fxe5 Rd5 33. Kf4 Rf8+ 34. Ndf5+ Ke8 35. Rxd5 Bxd5 36. Kg5 Rf7 37. Nh5 Rxf5+ 38. Kg4 Rf7 0-1